000 00998nas a2200265 454500
001 36692
005 20260407193509.0
008 260407s1976####ag###########|||spa#d
003 AR-UNSa-BCEJYS
040 _aAR-UNSa-BCEJYS
_bspa
_cAR-UNSa-BCEJYS
080 _a336
_xFinanzas. Finanzas públicas. Banca. Moneda. Bolsa
245 1 0 _aRevista Argentina de finanzas
022 _a0325-4844
264 1 _aBuenos Aires :
_bFAICES
_c1976
310 _aFrecuencia: Semestral Cambia de Director a partir de Junio de 1979, Nº 4 por César H. Belaunde
041 _aspa
942 _cSER
590 _aniveau_biblio:s niveau_hierar:1
100 1 _aFundación Argentina para el Intercambio Cultural en lo Económico Social. Instituto Argentino de Relaciones Internacionales (IARI)
700 1 _aBrodersohn, Mario S.
650 _aFinanzas
650 _aFINANCIAMIENTO
650 _aGESTION FINANCIERA
856 4 1 _uhttps://170.210.207.44/pmb/images/revistas/R19020.jpg
_yImagen de portada
_qimage/jpeg
999 _c8791
_d8791